000 00597nam a2200205Ia 4500
005 20250508165959.0
008 008 250505s9999 xx 000 0 eng d
037 _aTextual
040 _aFEDL
_beng
_cFEDL
041 _aeng
_2eng
084 _aB, MUJ
_qFEDL
100 _aMajumdar S B
_9782595
245 0 _aNew faces and new friends
260 _aPune, India
_bSymbiosis Centre for International Education
_c2014
300 _a230p.
546 _aGifted by HOD Namita Ranganathan
700 _a Yeravdelar Vidya
_9782596
942 _cTEXL
_hB, MUJ
999 _c1398510
_d1398510